Basic mathematical skills with geometry/ (Record no. 10483)

MARC details
000 -LEADER
fixed length control field 00578nam a22001937a 4500
090 ## - LOCALLY ASSIGNED LC-TYPE CALL NUMBER (OCLC); LOCAL CALL NUMBER (OCLC)
-- 10483
008 - FIXED-LENGTH DATA ELEMENTS--GENERAL INFORMATION
fixed length control field 090128t xxu||||| |||| 00| 0 eng d
020 ## - INTERNATIONAL STANDARD BOOK NUMBER
International Standard Book Number 0071101918
082 ## - DEWEY DECIMAL CLASSIFICATION NUMBER
Edition number 22
Classification number 513.14
Item number BAR
245 ## - TITLE STATEMENT
Title Basic mathematical skills with geometry/
Statement of responsibility, etc Stefano Baratto & Barry Bergman
250 ## - EDITION STATEMENT
Edition statement 7th ed.
260 ## -
-- Boston:
-- McGraw-Hill,
-- 2008
300 ## - PHYSICAL DESCRIPTION
Extent 1 v.:
Other physical details Col ill.;
Dimensions 25 cm.
336 ## - CONTENT TYPE
Source rdacontent
Content type term text
Content type code txt
337 ## - MEDIA TYPE
Media type term unmediated
Source rdamedia
Media type code n
338 ## - CARRIER TYPE
Carrier type term volume
Carrier type code nc
Source rdacarrier
500 ## - GENERAL NOTE
General note Includes index
942 ## - ADDED ENTRY ELEMENTS (KOHA)
Source of classification or shelving scheme Dewey Decimal Classification
Koha item type Book - Borrowing
Classification part RDA-MOD
Holdings
Withdrawn status Lost status Source of classification or shelving scheme Damaged status Not for loan Collection code Home library Current library Shelving location Date acquired Source of acquisition Cost, normal purchase price Serial Enumeration / chronology Total Checkouts Total Renewals Full call number Barcode Date last seen Date checked out Price effective from Koha item type
    Dewey Decimal Classification     Alahram Central Library Central Library First floor 28/01/2009   272.40 6481 1 20 513.14 BAR 000014432 15/07/2025 07/11/2023 28/01/2009 Book - Borrowing